Creative and knowledge society international scientific journal
Enregistré dans:
| Format: | Publication en série |
|---|---|
| Langue: | slovaque |
| Publié: |
Bratislava
Paneurópska vysoká škola
2015
|
| Tags: |
Pas de tags, Soyez le premier à ajouter un tag!
|
MARC
| LEADER | 00000nas2a2200000 4500 | ||
|---|---|---|---|
| 001 | 0215839 | ||
| 005 | 20200128133941.8 | ||
| 022 | |a 1338-4465 | ||
| 041 | 0 | |a slo | |
| 044 | |a SK | ||
| 245 | 1 | 0 | |a Creative and knowledge society |b international scientific journal |
| 264 | 1 | |a Bratislava |b Paneurópska vysoká škola |c 2015 | |
| 773 | 0 | |w eu_un_cat*0150203 | |
| 774 | 0 | |w eu_un_cat*0261828 | |